| 000 | 01173nam a22003497a 4500 | ||
|---|---|---|---|
| 003 | CHAP | ||
| 005 | 20220329134335.0 | ||
| 008 | 971013s1988 r 00010 d | ||
| 010 | _a19036 | ||
| 011 | _a20008 | ||
| 035 | _a24095 | ||
| 040 | _cCHAP | ||
| 090 | _aTesis | ||
| 100 | 0 | 0 |
_aAlvarez Sanchez, Maria Edna. _94983 |
| 245 | _aSelección de métodos de diagnóstico de nitrógeno aprovechable en el suelo | ||
| 260 |
_aMontecillo, Méx., : _bEl autor, _c1988 |
||
| 300 | _a161 h | ||
| 502 | _aTesis (M.C. Esp. en Edafología) -- CP. Centro de Edafología | ||
| 590 |
_aALEPH _b10 _c20130110 _lUCH01 _h1242 |
||
| 590 |
_aBATCH-UPD _b10 _c20130110 _lUCH01 _h0041 |
||
| 590 |
_aBATCH-UPD _b10 _c20130110 _lUCH01 _h1919 |
||
| 590 |
_aBATCH-UPD _b10 _c20130409 _lUCH01 _h2027 |
||
| 590 |
_aBATCH-UPD _b10 _c20130410 _lUCH01 _h1245 |
||
| 590 |
_aBATCH-UPD _b10 _c20130914 _lUCH01 _h2035 |
||
| 590 |
_aCONVERSION _b10 _c20130109 _lUCH01 _h1312 |
||
| 650 | 1 | 4 |
_aSuelos _xAnálisis. _9110204 |
| 650 | 1 | 4 |
_aSuelos _xNitrógeno en. _9110451 |
| 901 | _aBK | ||
| 942 | _cFOLL | ||
| 949 |
_bBC _cTES _d-55709 _eTS1 _h20870 _i24095 _si |
||
| 949 |
_bBC _cTES _d-55710 _eTS2 _fc.2 _h20871 _i24095 _si |
||
| 999 |
_c19036 _d19036 |
||